000 00704nam a2200253Ia 4500
003 OSt
005 20220928122347.0
006 a|||||r|||| 00| 0
007 ta
008 220927b |||||||| |||| 00| 0 eng d
024 _a66567
037 _cTextual
040 _aSDCL
_cSDCL
_beng
041 _2eng
_aeng
082 _aX:5381, P4
100 _aO'Brien Robert
_9457749
245 0 _aGlobal political economy
_bEvolution & dynamics
260 _aNew York
_b Palgrave Macmillan
_c2004
300 _axiv,370p
_ccm.
650 _aGlobalisation
700 _a Williams Marc
_9457750
942 _hX:5381, P4
_cTEXL
_2CC
999 _c771176
_d771176